[Event "Kloosters"]
[Site "Ter Apel"]
[Date "1997.03.17"]
[Round "1"]
[White "Khalifman, Alexander"]
[Black "Jussupow, Artur"]
[Result "1/2-1/2"]
[WhiteElo "2650"]
[BlackElo "2665"]

1.Nf3 d5 2.d4 Nf6 3.c4 e6 4.Nc3 Be7 5.Bg5 h6 6.Bh4 O-O 7.e3 b6 8.Be2 Bb7
9.Bxf6 Bxf6 10.cxd5 exd5 11.b4 c6 12.O-O a5 13.bxa5 Rxa5 14.Qb3 Bc8 15.a4 Be6
16.Rfd1 Nd7 17.h3 Qe7 18.Rab1 Rc8 19.Bd3 g6 20.Rbc1 Bg7 21.Re1 Qf6 22.Qd1  1/2-1/2

[Event "Kloosters"]
[Site "Ter Apel"]
[Date "1997.03.18"]
[Round "2"]
[White "Andersson, Ulf"]
[Black "Khalifman, Alexander"]
[Result "1/2-1/2"]
[WhiteElo "2655"]
[BlackElo "2650"]

1.Nf3 d6 2.d4 Nf6 3.Nc3 d5 4.Bf4 Bf5 5.e3 c6 6.Bd3 e6 7.O-O Be7 8.h3 O-O
9.Rb1 Nbd7 10.b4 Bg6 11.Ne5 Nxe5 12.Bxe5 Nd7 13.Bg3 Bf6 14.Ne2 b5 15.Nf4 Nb6
16.Nxg6  1/2-1/2

[Event "Kloosters"]
[Site "Ter Apel"]
[Date "1997.03.19"]
[Round "3"]
[White "Khalifman, Alexander"]
[Black "Huebner, Robert"]
[Result "1-0"]
[WhiteElo "2650"]
[BlackElo "2600"]

1.d4 Nf6 2.c4 e6 3.Nf3 b6 4.a3 Bb7 5.Nc3 d5 6.cxd5 exd5 7.Qa4+ c6 8.Bg5 Be7
9.e3 O-O 10.Bd3 Ne4 11.Bf4 Nxc3 12.bxc3 Nd7 13.O-O c5 14.Ne5 Nxe5 15.dxe5 Bg5
16.Bg3 g6 17.h4 Bh6 18.h5 Qe7 19.hxg6 hxg6 20.Qg4 Bc8 21.Qe2 Be6 22.f4 f5
23.a4 Rf7 24.Kf2 Bf8 25.Rh1 Rh7 26.Qd2 Rb8 27.Be2 Rb7 28.Bb5 Rc7 29.Rxh7 Qxh7
30.a5 c4 31.axb6 axb6 32.Ra6 Bc5 33.Ra8+ Kg7 34.Kg1 Qh5 35.Ba4 g5 36.Bf2 Kg6
37.Be8+ Bf7 38.Qxd5 Bxe8 39.Rxe8 Qe2 40.Qg8+  1-0

[Event "Kloosters"]
[Site "Ter Apel"]
[Date "1997.03.22"]
[Round "5"]
[White "Shirov, Alexei"]
[Black "Khalifman, Alexander"]
[Result "1/2-1/2"]
[WhiteElo "2690"]
[BlackElo "2650"]

1.d4 d5 2.c4 c6 3.Nc3 Nf6 4.Nf3 dxc4 5.a4 Bf5 6.Ne5 e6 7.f3 Bb4 8.e4 Bxe4
9.fxe4 Nxe4 10.Bd2 Qxd4 11.Nxe4 Qxe4+ 12.Qe2 Bxd2+ 13.Kxd2 Qd5+ 14.Kc2 Na6
15.Nxc4 b5 16.axb5 Nb4+ 17.Kc3 cxb5 18.Nb6 Qc5+ 19.Kb3 Nc6 20.Qxb5 Qe3+ 21.Kc2 Qf2+
22.Kc3 Qd4+  1/2-1/2

[Event "RUS-ch m1-2"]
[Site "Elista"]
[Date "1997.05.26"]
[Round "3.2"]
[White "Dvoirys, Semen I"]
[Black "Khalifman, Alexander"]
[Result "1-0"]
[WhiteElo "2590"]
[BlackElo "2650"]

1.e4 c5 2.Nf3 d6 3.d4 cxd4 4.Nxd4 Nf6 5.Nc3 Nc6 6.Bg5 e6 7.Qd2 Be7 8.O-O-O Nxd4
9.Qxd4 O-O 10.f4 Qa5 11.Bc4 Bd7 12.Bb3 Bc6 13.Rhe1 Rfe8 14.Kb1 Rad8 15.Qf2 h6
16.h4 Qc5 17.Qg3 Nh5 18.Qh2 hxg5 19.hxg5 g6 20.g4 Nxf4 21.Nd5 exd5 22.Rh1 Nh5
23.gxh5 Kg7 24.exd5 Bd7 25.hxg6 Rh8 26.Qf4 f5 27.Rh6 Rde8 28.Qh2 Bxg5 29.Rh7+ Rxh7
30.Qxh7+ Kf6 31.Qf7+ Ke5 32.Qxd7 Re7 33.Re1+ Kf4 34.Rf1+ Kg3 35.Qxf5 Qe3
36.a3 Re4 37.Qf8  1-0

[Event "Skolernes Skakklub"]
[Site "Aarhus"]
[Date "1997.06.20"]
[Round "1"]
[White "Adams, Michael"]
[Black "Khalifman, Alexander"]
[Result "0-1"]
[WhiteElo "2665"]
[BlackElo "2650"]

1.e4 c5 2.Nf3 d6 3.Bc4 Nf6 4.d3 Nc6 5.Nbd2 g6 6.a3 Bg7 7.O-O O-O 8.Ba2 b5
9.Re1 Rb8 10.c3 a5 11.d4 cxd4 12.cxd4 Qb6 13.Nf1 Bg4 14.Be3 Bxf3 15.gxf3 Qb7
16.Ng3 a4 17.f4 Na5 18.Bd2 Nc4 19.Bxc4 bxc4 20.Bb4 h5 21.d5 h4 22.Nf1 Nh5
23.Qg4 Qc8 24.f5 Bxb2 25.Qxh4 Bf6 26.Qg4 Bxa1 27.Rxa1 Nf6 28.Qg2 c3 29.Ne3 Kh8
30.Rc1 Rxb4 31.axb4 a3 32.Kh1 a2 33.f4 Qa6 34.Ra1 Qd3 35.fxg6 fxg6 36.Qh3+ Nh5  0-1

[Event "Skolernes Skakklub"]
[Site "Aarhus"]
[Date "1997.06.21"]
[Round "2"]
[White "Khalifman, Alexander"]
[Black "Nielsen, Peter Heine"]
[Result "1/2-1/2"]
[WhiteElo "2650"]
[BlackElo "2525"]

1.d4 Nf6 2.c4 e6 3.Nf3 Bb4+ 4.Bd2 Qe7 5.g3 Nc6 6.Nc3 Bxc3 7.Bxc3 Ne4 8.Qc2 Nxc3
9.Qxc3 O-O 10.Bg2 d6 11.O-O e5 12.d5 Nd8 13.e4 c5 14.Nd2 Bd7 15.a3 b6 16.f4 f6
17.Rf2 Nf7 18.Raf1 a5 19.b3 Ra7 20.a4 g6 21.h3 Kg7 22.f5 Rh8 23.Qf3 g5 24.Qh5 Be8
25.h4 Qf8 26.Qe2 Rg8 27.h5  1/2-1/2

[Event "Skolernes Skakklub"]
[Site "Aarhus"]
[Date "1997.06.22"]
[Round "3"]
[White "Schandorff, Lars"]
[Black "Khalifman, Alexander"]
[Result "1/2-1/2"]
[WhiteElo "2510"]
[BlackElo "2650"]

1.d4 Nf6 2.c4 c5 3.d5 b5 4.cxb5 a6 5.bxa6 g6 6.Nc3 Bxa6 7.e4 Bxf1 8.Kxf1 d6
9.g3 Bg7 10.Kg2 O-O 11.Nf3 Nbd7 12.Re1 Qb6 13.h3 Rfb8 14.Re2 Qa6 15.Bg5 h6
16.Bxf6 Bxf6 17.Rc1 Ne5 18.Nxe5 Bxe5 19.Qd2 Bg7 20.b3 c4 21.bxc4 Qxc4 22.Nd1  1/2-1/2

[Event "Skolernes Skakklub"]
[Site "Aarhus"]
[Date "1997.06.23"]
[Round "4"]
[White "Kengis, Edvins"]
[Black "Khalifman, Alexander"]
[Result "0-1"]
[WhiteElo "2585"]
[BlackElo "2650"]

1.Nf3 c5 2.g3 g6 3.c3 Bg7 4.d4 Qa5 5.d5 d6 6.Bg2 Nf6 7.O-O O-O 8.Nbd2 Qc7
9.e4 e6 10.dxe6 Bxe6 11.Ng5 Bg4 12.f3 Bd7 13.Nc4 h6 14.Nh3 Bb5 15.Qxd6 Qd7
16.Qxd7 Nfxd7 17.b3 Bxc3 18.Rb1 Bd4+ 19.Kh1 Kg7 20.Rd1 Bxc4 21.bxc4 Nb6 22.Nf4 Nc6
23.Nd5 Ne5 24.Nc7 Rad8 25.Nb5 Nbxc4 26.Nxd4 Rxd4 27.Rxd4 cxd4 28.Rxb7 Rc8
29.Bh3 Rc6 30.Bf4 d3 31.Bf1 g5 32.Bxe5+ Nxe5 33.Rb5 Rc1 34.Kg2 d2 35.Be2 Re1  0-1

[Event "Skolernes Skakklub"]
[Site "Aarhus"]
[Date "1997.06.24"]
[Round "5"]
[White "Khalifman, Alexander"]
[Black "Hansen, Curt"]
[Result "1/2-1/2"]
[WhiteElo "2650"]
[BlackElo "2605"]

1.e4 c5 2.Nf3 e6 3.d4 cxd4 4.Nxd4 a6 5.Nc3 b5 6.Bd3 Qb6 7.Nb3 Qc7 8.Qe2 Bb7
9.O-O Nc6 10.f4 d6 11.Bd2 Nf6 12.Rae1 Be7 13.a3 O-O 14.f5 Rae8 15.fxe6 fxe6
16.Be3 Ne5 17.Nd4 Bd8 18.h3 Qd7 19.Nf3 Ng6 20.Qd2 Qc6 21.Nd4 Qc8 22.Nf3 Qc6
23.Nd4 Qc8  1/2-1/2

[Event "Skolernes Skakklub"]
[Site "Aarhus"]
[Date "1997.06.25"]
[Round "6"]
[White "Larsen, Bent"]
[Black "Khalifman, Alexander"]
[Result "1/2-1/2"]
[WhiteElo "2520"]
[BlackElo "2650"]

1.d4 Nf6 2.Nf3 g6 3.c3 Bg7 4.Bg5 O-O 5.Nbd2 d6 6.e4 c5 7.dxc5 dxc5 8.Be2 Nc6
9.O-O Qc7 10.Qc2 b6 11.Rfe1 Bb7 12.Bb5 a6 13.Bf1 Ng4 14.a4 Nce5 15.h3 Nxf3+
16.Nxf3 Ne5 17.Nxe5 Bxe5 18.Rad1  1/2-1/2

[Event "Skolernes Skakklub"]
[Site "Aarhus"]
[Date "1997.06.26"]
[Round "7"]
[White "Khalifman, Alexander"]
[Black "Stefansson, Hannes"]
[Result "1-0"]
[WhiteElo "2650"]
[BlackElo "2555"]

1.Nf3 Nf6 2.c4 b6 3.g3 Bb7 4.Bg2 e6 5.O-O Be7 6.Nc3 O-O 7.Re1 d5 8.cxd5 exd5
9.d4 Na6 10.Bf4 Re8 11.Rc1 c5 12.dxc5 bxc5 13.Qb3 Qb6 14.Ne5 Qxb3 15.axb3 Ne4
16.Red1 Rad8 17.Nxe4 dxe4 18.Nc4 Bd5 19.Bh3 Bc6 20.Nd6 Bxd6 21.Rxd6 Bb5 22.Rxd8 Rxd8
23.Kf1 Bd7 24.Bg2 Bb5 25.Ke1 f5 26.Be3 Rb8 27.Bxc5 Nxc5 28.Rxc5 Bd7 29.g4 fxg4
30.Bxe4 Be6 31.Rc3 Kf7 32.Rc7+ Kf6 33.Rxa7 Rxb3 34.Bxh7 Rxb2 35.Ra6 Ke5 36.Bd3 Rb8
37.Ra5+ Kf6 38.Kf1 Rc8 39.Be4 Rc1+ 40.Kg2 Re1 41.e3 Rc1 42.Rb5 Rd1 43.Rb6 Ke5
44.Rb1 Rxb1 45.Bxb1 Kf6 46.Kf1 Ke5 47.Ke2 Bc8 48.Bg6 Kf6 49.Bc2 Ke5 50.Kd3 Bf5+
51.Kc3 Be6 52.Kb4 Kd6 53.Bd3 Bc8 54.Kc4 Ke5 55.Bc2 Ba6+ 56.Kc5 Be2 57.Kc6 Ke6
58.Kc7 Ke7 59.Bb3 Bf3 60.Bc4 Be4 61.Be2 Bf5 62.Kc6 Ke6 63.Bc4+ Ke5 64.Kc7 Ke4
65.Be2 Ke5 66.Kd8 Kf6 67.Bc4 Bc2 68.Kd7 Ke5 69.Be2 Kf5 70.Kd6  1-0

[Event "Skolernes Skakklub"]
[Site "Aarhus"]
[Date "1997.06.27"]
[Round "8"]
[White "Rozentalis, Eduardas"]
[Black "Khalifman, Alexander"]
[Result "1/2-1/2"]
[WhiteElo "2650"]
[BlackElo "2650"]

1.e4 e5 2.Nf3 Nc6 3.Bb5 Nf6 4.O-O Nxe4 5.Re1 Nd6 6.Nxe5 Be7 7.Bd3 O-O 8.Nc3 Nxe5
9.Rxe5 c6 10.b3 Ne8 11.Qf3 d5 12.Bb2 Bd6 13.Re2 Qh4 14.h3 Nf6 15.Bf5  1/2-1/2

[Event "Skolernes Skakklub"]
[Site "Aarhus"]
[Date "1997.06.28"]
[Round "9"]
[White "Khalifman, Alexander"]
[Black "Hellers, Ferdinand"]
[Result "1/2-1/2"]
[WhiteElo "2650"]
[BlackElo "2585"]

1.Nf3 Nf6 2.c4 c5 3.Nc3 Nc6 4.g3 d5 5.d4 cxd4 6.Nxd4 dxc4 7.Nxc6 Qxd1+ 8.Nxd1 bxc6
9.Bg2 Nd5 10.Ne3 e6 11.Nxc4 Ba6 12.b3 Bb4+ 13.Bd2  1/2-1/2

[Event "WchT 4th"]
[Site "Luzern"]
[Date "1997.10.25"]
[Round "1"]
[White "Nogueiras, Jesus"]
[Black "Khalifman, Alexander"]
[Result "1/2-1/2"]
[WhiteElo "2535"]
[BlackElo "2655"]

1.Nf3 Nf6 2.c4 g6 3.g3 Bg7 4.Bg2 O-O 5.O-O d6 6.d4 Nc6 7.Nc3 a6 8.h3 Rb8
9.Be3 Bd7 10.Rc1 b5 11.Nd2 e6 12.b3 Ne7 13.Bg5 b4 14.Na4 h6 15.Bxf6 Bxf6
16.e3 Bg7 17.Nb2 c5 18.Nf3 Bc6 19.Na4 Qc7 20.dxc5 dxc5 21.Nd2 Bxa4 22.bxa4 Rfd8
23.Qc2 Nc6 24.Nb3 Na5  1/2-1/2

[Event "WchT 4th"]
[Site "Luzern"]
[Date "1997.10.27"]
[Round "3"]
[White "Khalifman, Alexander"]
[Black "Gallagher, Joseph G"]
[Result "1/2-1/2"]
[WhiteElo "2655"]
[BlackElo "2525"]

1.e4 c5 2.Nf3 d6 3.d4 cxd4 4.Nxd4 Nf6 5.Nc3 a6 6.Be2 e5 7.Nb3 Be7 8.O-O Be6
9.f4 Qc7 10.g4 exf4 11.g5 Nfd7 12.Bxf4 Nc6 13.Nd5 Bxd5 14.exd5 Nce5 15.Nd4 g6
16.c4 O-O 17.Kh1 Rfe8 18.Rc1 Qb6 19.Qd2 a5 20.Nb5 Bf8 21.Rc3 Bg7 22.Re3 Re7
23.b3 Nc5 24.Bg4 Rae8 25.Bh3 a4 26.Qc2 axb3 27.axb3 Na6 28.Rg3 Nc5 29.Bg2 Qd8
30.Bd2 Qb8 31.b4 Na6 32.c5 dxc5 33.d6 Re6 34.bxc5 Nd7 35.Bd5 Naxc5 36.Bxe6 Rxe6
37.Re3 b6 38.Rxe6 Qb7+ 39.Kg1 Nxe6 40.Qb3 Ne5 41.Nc7 Nxc7 42.dxc7 Qxc7 43.Qd5 Qc5+  1/2-1/2

[Event "Bayern-chI Bank Hofmann"]
[Site "Bad Wiessee"]
[Date "1997.11.16"]
[Round "2"]
[White "Chandler, Patrick"]
[Black "Khalifman, Alexander"]
[Result "0-1"]
[WhiteElo "2145"]
[BlackElo "2655"]

1.e4 g6 2.d4 Bg7 3.Nc3 d6 4.Be3 a6 5.f4 b5 6.Nf3 Bb7 7.Bd3 Nd7 8.e5 e6 9.Ne4 Nb6
10.O-O Ne7 11.Qe1 Nf5 12.Bd2 h5 13.b3 Bxe4 14.Bxe4 d5 15.Bd3 Bf8 16.b4 Be7
17.Qe2 Qd7 18.c3 Qc6 19.Rfb1 Na4 20.Qd1 Kf8 21.Qb3 Kg7 22.Ne1 Nb6 23.Bf1 Nc4
24.Bc1 a5 25.a3 Qb6 26.Nc2 Rhb8 27.Bd3 Ra7 28.Bxc4 dxc4 29.Qb2 Qc6 30.Ne1 Rba8
31.Bd2 Qe4 32.Nf3 Nh4 33.Nxh4 Bxh4 34.g3 Be7 35.Re1 Qd5 36.Rab1 axb4 37.axb4 h4
38.Re2 Ra2 39.Qc1 hxg3 40.hxg3 Rf8 41.Rg2 Qf3 42.Qd1 Qd3 43.Ra1 Bxb4 44.f5 Bxc3
45.f6+ Kg8  0-1

[Event "Bayern-chI Bank Hofmann"]
[Site "Bad Wiessee"]
[Date "1997.11.17"]
[Round "3"]
[White "Khalifman, Alexander"]
[Black "Klundt, Klaus"]
[Result "1-0"]
[WhiteElo "2655"]
[BlackElo "2360"]

1.d4 Nf6 2.Nf3 g6 3.c4 Bg7 4.Nc3 O-O 5.e4 d6 6.Be2 e5 7.O-O Nc6 8.d5 Ne7
9.b4 Nh5 10.Re1 a5 11.bxa5 Rxa5 12.a4 b6 13.Ba3 Nf4 14.Bf1 Bg4 15.h3 Bxf3
16.Qxf3 f5 17.Qd1 Qd7 18.Bb4 Raa8 19.Ra2 fxe4 20.Nxe4 h6 21.Kh2 Nh5 22.Qg4 Qxg4
23.hxg4 Nf6 24.f3 Nxe4 25.fxe4 Bf6 26.Be2 Bh4 27.g3 Rf2+ 28.Kh3 Bg5 29.Rf1 Raf8
30.Rxf2 Rxf2 31.a5 bxa5 32.Bxa5 Be3 33.Bxc7 Bc5 34.Ba5 Kg7 35.Be1 Rf7 36.g5 hxg5
37.Bg4 Rf1 38.Re2 Nf5 39.Kg2 Rg1+ 40.Kh2 Nd4 41.Kxg1 Nxe2+ 42.Kg2 Nd4 43.Bd1 g4
44.Ba5 Kf7 45.Bd8 Ke8 46.Bg5 Nf3 47.Bxf3 gxf3+ 48.Kxf3 Kf7 49.Be3 Bb4 50.Ke2 Ke7
51.Kd1 Kd7 52.Bf2 Ba3 53.Kc2 Bb4 54.Kb3 Bd2 55.Ka4 Bc3 56.Kb5 Bb2 57.Kb4 Bc1
58.Kc3 Ba3 59.Be3  1-0

[Event "Bayern-chI Bank Hofmann"]
[Site "Bad Wiessee"]
[Date "1997.11.20"]
[Round "6"]
[White "Bezold, Michael"]
[Black "Khalifman, Alexander"]
[Result "0-1"]
[WhiteElo "2490"]
[BlackElo "2655"]

1.b3 e5 2.Bb2 d6 3.g3 Nf6 4.Bg2 g6 5.e3 Bg7 6.Ne2 O-O 7.d3 Re8 8.O-O d5 9.h3 c5
10.c4 d4 11.exd4 cxd4 12.b4 a5 13.b5 Nbd7 14.Nd2 Nc5 15.Nb3 Nfd7 16.Kh2 a4
17.Nxc5 Nxc5 18.Ba3 Qc7 19.Rb1 Qb6 20.Re1 Rd8 21.Ng1 Ra7 22.Nf3 f6 23.Rb2 Bf8
24.Nh4 Be6 25.Qf3 Bf7 26.Qe2 Raa8 27.Nf3 Re8 28.Qd1 Rad8 29.Bxc5 Bxc5 30.Rbe2 a3
31.Nd2 Bf8 32.Nb3 Qc7 33.Qd2 f5 34.b6 Qxb6 35.Rxe5 Bb4 36.Rxe8+ Bxe8 37.Rxe8+ Rxe8
38.Qf4 Bd6 39.Bd5+ Kg7 40.Qf3 Re7 41.Kg2 h6 42.h4 h5 43.Kh3 Be5 44.Kg2 Qc7
45.c5 Bf6 46.Kf1 Kh7 47.Kg2 Bg7 48.Kf1 Qe5 49.Bxb7 Qe1+ 50.Kg2 Re2 51.c6 Be5
52.c7 Bxc7 53.Nxd4 Rxa2 54.Bd5 Rxf2+ 55.Qxf2 Qxf2+ 56.Kxf2 Bb6  0-1

[Event "Bayern-chI Bank Hofmann"]
[Site "Bad Wiessee"]
[Date "1997.11.22"]
[Round "8"]
[White "Ashley, Maurice"]
[Black "Khalifman, Alexander"]
[Result "0-1"]
[WhiteElo "2445"]
[BlackElo "2655"]

1.e4 g6 2.d4 Bg7 3.Nc3 d6 4.Be3 a6 5.Qd2 b5 6.Bd3 Nd7 7.Nce2 c5 8.c3 Ngf6
9.f3 e5 10.d5 Nb6 11.Ng3 h5 12.N1e2 h4 13.Nf1 Nfd7 14.h3 Nc4 15.Bxc4 bxc4
16.Nh2 f5 17.exf5 gxf5 18.f4 e4 19.Nf1 Bh6 20.Bf2 Ne5 21.Ne3 Nd3+ 22.Kf1 Rb8
23.Nxc4 a5 24.b3 Ba6 25.Ne3 Nxf4 26.c4 Nd3 27.Nc1 Nxf2 28.Qxf2 Qf6 29.Rb1 Qd4
30.Ke2 f4 31.Nf5 f3+ 32.Ke1 Qxf2+ 33.Kxf2 fxg2 34.Kxg2 Rg8+  0-1

[Event "Viking op"]
[Site "Aaland-Stockholm"]
[Date "1997.??.??"]
[Round "?"]
[White "Rantanen, Yrjo A"]
[Black "Khalifman, Alexander"]
[Result "0-1"]
[WhiteElo "2345"]
[BlackElo "2655"]

1.e4 g6 2.d4 Bg7 3.Nc3 d6 4.Be3 a6 5.Qd2 b5 6.f3 Nd7 7.Nh3 c5 8.Nf2 Bb7 9.Be2 Ngf6
10.Rd1 cxd4 11.Bxd4 O-O 12.O-O Qc7 13.a4 b4 14.Na2 a5 15.Bb5 Ba6 16.Bxa6 Rxa6
17.b3 Nc5 18.Rb1 Rb8 19.Rfc1 Rc6 20.c3 bxc3 21.Qxc3 Bh6 22.Be3 Bxe3 23.Qxe3 Qb6
24.Nd1 d5 25.e5 Nfd7 26.Rb2 Nxe5  0-1

[Event "Viking op"]
[Site "Aaland-Stockholm"]
[Date "1997.??.??"]
[Round "?"]
[White "Khalifman, Alexander"]
[Black "Hector, Jonny"]
[Result "1/2-1/2"]
[WhiteElo "2655"]
[BlackElo "2470"]

1.d4 d5 2.c4 c6 3.Nf3 Nf6 4.Nc3 dxc4 5.a4 Bf5 6.e3 e6 7.Bxc4 Bb4 8.O-O Nbd7
9.Qe2 Bg4 10.Rd1 Qa5 11.e4 Qh5 12.h3 Bxf3 13.Qxf3 Qxf3 14.gxf3 O-O 15.Be3 Rfd8
16.Be2 h6 17.Rac1 a5 18.Nb1 Nf8 19.Nc3  1/2-1/2

[Event "Viking op"]
[Site "Aaland-Stockholm"]
[Date "1997.??.??"]
[Round "?"]
[White "Khalifman, Alexander"]
[Black "Gretarsson, Helgi Ass"]
[Result "1/2-1/2"]
[WhiteElo "2655"]
[BlackElo "2475"]

1.d4 d5 2.c4 c6 3.Nf3 Nf6 4.Nc3 dxc4 5.a4 Bg4 6.Ne5 Bh5 7.f3 Nfd7 8.Nxc4 e6
9.e4 a5 10.Be3 Na6 11.Be2 Be7 12.O-O Nb4 13.Na2 O-O 14.Nxb4 Bxb4 15.Qb3 Qb8
16.Rfd1 Re8 17.Kh1 f6 18.Bd2 Bxd2 19.Rxd2 Bf7 20.Qc3 Qc7 21.e5 Nb6 22.Nd6 Red8
23.Bc4 Rxd6 24.exd6 Qxd6 25.Bb3 Nd7 26.Rc1 g5 27.Re2 Kg7 28.Rce1 Nf8 29.Qc5 Qxc5
30.dxc5 Rd8 31.Rd1 Rxd1+ 32.Bxd1 e5 33.Re3 Ne6 34.Rc3 Nd4 35.Kg1 f5 36.Kf2 Kf6
37.Ke3 f4+ 38.Kf2 h5 39.Bc2 Bd5 40.Bd3 Bb3 41.h3 Bd1 42.Rc1 Bb3 43.Rc3  1/2-1/2

[Event "Viking op"]
[Site "Aaland-Stockholm"]
[Date "1997.??.??"]
[Round "?"]
[White "Khalifman, Alexander"]
[Black "Dzevlan, Miralem"]
[Result "1/2-1/2"]
[WhiteElo "2655"]
[BlackElo "2420"]

1.d4 Nf6 2.Nf3 g6 3.c4 Bg7 4.Nc3 d5 5.cxd5 Nxd5 6.e4 Nxc3 7.bxc3 O-O 8.Be2 c5
9.Rb1 Nc6 10.d5 Na5 11.O-O Bg4 12.c4 b6 13.Ng5 Bxe2 14.Qxe2 h6 15.Nf3 e5
16.Bb2 Qe7 17.Nd2 Nb7 18.f4 Nd6 19.Rbe1 Rae8 20.Qd3 f6 21.f5 g5 22.a4 Qd7
23.Ra1 a6 24.Ba3 Qc7 25.Rfc1 Rb8 26.Rab1 Rfc8 27.Kh1 Bf8 28.h3 Kh7 29.Qe2 Kg8
30.Qd1 Kh7 31.Qh5 Bg7 32.Rc3 Kg8 33.h4 a5 34.hxg5 hxg5 35.Rh3 Qd7 36.Qd1 Rb7
37.Kg1 Kf7 38.Kf2 Rh8 39.Rxh8 Bxh8 40.Qc2 Bg7 41.Ke2 Bf8 42.Rh1 Rb8 43.Qb3 Rb7
44.Bb2 Kg8 45.Rh5 Qd8 46.Qh3 Bg7 47.g4 Qe8 48.Qb3 Bf8 49.Rh1 Qd7 50.Kd1 Qe8
51.Kc1 Bg7 52.Kc2 Bf8 53.Bc1 Bg7 54.Kd1 Rb8 55.Ke2 Qd7 56.Kf3 Kf7 57.Nb1 Qc7
58.Na3 Rh8 59.Rxh8 Bxh8 60.Nb5  1/2-1/2

[Event "RUS-ch m1-2"]
[Site "Elista"]
[Date "1997.??.??"]
[Round "3.1"]
[White "Khalifman, Alexander"]
[Black "Dvoirys, Semen I"]
[Result "1/2-1/2"]
[WhiteElo "2650"]
[BlackElo "2590"]

1.d4 Nf6 2.Nf3 g6 3.c4 Bg7 4.Nc3 d5 5.cxd5 Nxd5 6.e4 Nxc3 7.bxc3 c5 8.Rb1 O-O
9.Be2 cxd4 10.cxd4 Qa5+ 11.Bd2 Qxa2 12.O-O a5 13.Bg5 h6 14.Bxe7 Re8 15.Rc1 Qe6
16.Ba3 Qxe4 17.Bb5 Rd8 18.Re1 Qf5 19.Bd3 Qh5 20.Be7 Re8 21.Bf6 Rf8 22.Be7 Re8
23.Bf6 Rf8 24.Be7  1/2-1/2

[Event "Anibal op 4th"]
[Site "Linares"]
[Date "1997.??.??"]
[Round "2"]
[White "Herrera, Irisberto"]
[Black "Khalifman, Alexander"]
[Result "1/2-1/2"]
[WhiteElo "2450"]
[BlackElo "2650"]

1.e4 c5 2.Nf3 d6 3.d4 cxd4 4.Nxd4 Nf6 5.Nc3 Nc6 6.Bg5 e6 7.Qd2 a6 8.O-O-O h6
9.Be3 Be7 10.f3 Nxd4 11.Bxd4 b5 12.Kb1 Rb8 13.e5 dxe5 14.Bxe5 Qxd2 15.Rxd2 Ra8
16.Bxf6 gxf6 17.Ne4 O-O 18.Be2 Rd8 19.Rxd8+ Bxd8 20.c4 bxc4 21.Bxc4 Be7 22.Rd1 Ra7
23.Be2 f5 24.Nd6 Bd7 25.Nc4 Bb5 26.b3 Kf8 27.a4 Be8 28.Nd6 Bd7 29.Nc4 Bc6
30.Ne5 Bd5 31.Bc4 Bf6 32.Bxd5 Bxe5 33.Bc4 Bxh2 34.b4 Ke7 35.Kc2 Bd6 36.Kb3 Rb7
37.b5 a5 38.Rh1 Bf4 39.Rd1 Rb8 40.Rd4 Be3 41.Rd3 Bb6 42.Rd2 Rg8 43.Bf1 Rc8
44.Bc4 h5 45.Rd1 h4 46.Bf1 Rc5 47.Bc4 Rc8 48.Bf1 Rc7 49.Be2 Rd7 50.Rxd7+ Kxd7
51.Kc4 Kd6 52.f4 Be3 53.Bf3 f6 54.Bh5 Bxf4 55.b6 Kc6 56.Be8+ Kxb6 57.Bd7 e5
58.Bxf5 Kc6 59.Bh7 Kd6 60.Bf5 Bg3 61.Bg4 Bf2 62.Bf5 Ba7 63.Kd3 Kd5 64.Bg6 Bb8
65.Bf5 Bc7 66.Bg6 Bd6 67.Bf5 Bf8 68.Bg6 Bh6 69.Bf5 Bf4 70.Bg6 Kc5 71.Ke4 Kc4
72.Bf5 Kc3 73.Bd7 Kd2 74.Bc6 Bg5  1/2-1/2

[Event "Anibal op 4th"]
[Site "Linares"]
[Date "1997.??.??"]
[Round "3"]
[White "Khalifman, Alexander"]
[Black "Damaso, Rui"]
[Result "1/2-1/2"]
[WhiteElo "2650"]
[BlackElo "2465"]

1.d4 Nf6 2.Nf3 e6 3.c4 b6 4.Nc3 Bb7 5.a3 g6 6.d5 exd5 7.cxd5 Bg7 8.g3 O-O
9.Bg2 Na6 10.O-O Nc5 11.Bf4 a5 12.Rc1 a4 13.d6 cxd6 14.Bxd6 Re8 15.Bxc5 bxc5
16.Nxa4 d6 17.Nd2 Bxg2 18.Kxg2 Ne4 19.Nxe4 Rxe4 20.Nc3 Rd4 21.Qc2 Qd7 22.e3 Rh4
23.gxh4  1/2-1/2

[Event "Anibal op 4th"]
[Site "Linares"]
[Date "1997.??.??"]
[Round "6"]
[White "Filippov, Valerij"]
[Black "Khalifman, Alexander"]
[Result "0-1"]
[WhiteElo "2510"]
[BlackElo "2650"]

1.Nf3 c5 2.c4 Nc6 3.d4 cxd4 4.Nxd4 Nf6 5.Nc3 e6 6.g3 Qb6 7.Nb3 Ne5 8.e4 Bb4
9.Qe2 d6 10.f4 Nc6 11.Be3 Bxc3+ 12.bxc3 Qc7 13.Bg2 O-O 14.c5 dxc5 15.Bxc5 Rd8
16.e5 Na5 17.Bb4 Nxb3 18.axb3 Nd5 19.Bxd5 exd5 20.Qe3 Bf5 21.Bc5 b6 22.Bd4 Qd7
23.O-O Rac8 24.Rf2 Be4 25.Qe2 Rc6 26.Qb5 Rdc8 27.Ra6 h5 28.Qf1 h4 29.f5 hxg3
30.Rf4 gxh2+ 31.Kxh2 Rh6+ 32.Kg3 Rh5 33.e6 fxe6 34.f6 Qf7 35.Rg4 Rxc3+ 36.Bxc3 Qc7+
37.Rf4 Qxc3+ 38.Kg4 Qe5  0-1

[Event "Anibal op 4th"]
[Site "Linares"]
[Date "1997.??.??"]
[Round "7"]
[White "Khalifman, Alexander"]
[Black "Wojtkiewicz, Aleksander"]
[Result "0-1"]
[WhiteElo "2650"]
[BlackElo "2565"]

1.d4 d5 2.c4 c6 3.Nf3 Nf6 4.Nc3 dxc4 5.a4 Bf5 6.Ne5 e6 7.g3 Bb4 8.Bg2 Ne4
9.O-O Nxc3 10.bxc3 Bxc3 11.Ba3 Qxd4 12.Nxc4 Qxc4 13.Qd6 Bf6 14.Rfd1 e5 15.Rab1 Qe6
16.Qc7 Qc8 17.Qxb7 Qxb7 18.Rxb7 e4 19.g4 Bc8 20.Rc7 Bxg4 21.Bxe4 Bd7 22.Bd6 Be7
23.Bf4 f5 24.Bd3 Be6 25.Bc4 Kf7 26.Bxe6+ Kxe6 27.Rd3 Bc5 28.Rxg7 Na6 29.Rh3 Rag8
30.Rxh7 Rxh7 31.Rxg8 Bb6 32.Rg6+ Kd5 33.Rd6+ Kc5 34.Rf6 Rh5 35.Bd2 Kd5 36.a5 Bc7
37.h4 Be5 38.Rf7 Nc7 39.Bg5 Ke6 40.Re7+ Kd6 41.Rf7 Ne6 42.Rxf5 Nxg5 43.hxg5 Ke6
44.e4 Rh4  0-1

[Event "Anibal op 4th"]
[Site "Linares"]
[Date "1997.??.??"]
[Round "9"]
[White "Khalifman, Alexander"]
[Black "Mikhalevski, Victor"]
[Result "1/2-1/2"]
[WhiteElo "2650"]
[BlackElo "2535"]

1.e4 e5 2.Nf3 Nc6 3.Bb5 a6 4.Ba4 Nf6 5.O-O Nxe4 6.d4 b5 7.Bb3 d5 8.dxe5 Be6
9.Be3 Be7 10.c3 O-O 11.Nbd2 Qd7 12.Re1 Rad8 13.Bc2 Nxd2 14.Qxd2 Bf5 15.Rad1 Bxc2
16.Qxc2 Qg4 17.h3 Qe4 18.Qd2 Nxe5 19.Nxe5 Qxe5 20.Bf4 Qf6 21.Bxc7 Rd7 22.Be5 Qf5
23.Qd3 Qxd3 24.Rxd3 f6 25.Bd4 Kf7 26.f4 Bd6 27.f5 Re8 28.Rxe8 Kxe8 29.Kf2 Re7
30.Re3 Be5 31.Bc5 Rd7 32.Kf3 Kd8 33.g4 h6 34.h4 Kc7 35.g5 h5 36.g6 Rd8 37.Ke2 Kc6
38.Bd4 Kd6 39.Kd3 a5 40.a3 a4 41.Re1  1/2-1/2

[Event "WchT 4th"]
[Site "Luzern"]
[Date "1997.??.??"]
[Round "4"]
[White "Khalifman, Alexander"]
[Black "Adams, Michael"]
[Result "1-0"]
[WhiteElo "2655"]
[BlackElo "2680"]

1.d4 d6 2.e4 Nf6 3.Nc3 g6 4.Nf3 Bg7 5.Be3 O-O 6.Qd2 Bg4 7.Ng5 Nc6 8.d5 Nb8
9.f3 Bd7 10.h4 h5 11.g4 c6 12.gxh5 Nxh5 13.O-O-O Qa5 14.Bd4 Bxd4 15.Qxd4 b5
16.Kb1 b4 17.Ne2 Rc8 18.Qd2 cxd5 19.Nf4 b3 20.Qxa5 bxc2+ 21.Kc1 cxd1=Q+ 22.Kxd1 Nxf4
23.exd5 Bf5 24.Qd2 Nh5 25.Qe3 Rc7 26.Bb5 Kf8 27.Qd4 Nf6 28.Nh7+ Kg7 29.Nxf6 exf6
30.h5 gxh5 31.Rxh5  1-0

[Event "WchT 4th"]
[Site "Luzern"]
[Date "1997.??.??"]
[Round "6"]
[White "Khalifman, Alexander"]
[Black "Romanishin, Oleg M"]
[Result "1-0"]
[WhiteElo "2655"]
[BlackElo "2550"]

1.d4 Nf6 2.c4 e6 3.Nf3 b6 4.Nc3 Bb7 5.a3 g6 6.Qc2 Bxf3 7.exf3 Bg7 8.Bg5 c5
9.d5 h6 10.Be3 exd5 11.cxd5 O-O 12.g4 d6 13.h4 Nbd7 14.g5 hxg5 15.hxg5 Nh7
16.f4 Re8 17.Bb5 Nhf8 18.O-O-O a6 19.Bc6 b5 20.Bxa8 Qxa8 21.Ne4 b4 22.axb4 Qb8
23.f3 cxb4 24.Kb1 b3 25.Qd3 Nc5 26.Bd4 Nxd3 27.Nf6+ Bxf6 28.Bxf6  1-0

[Event "St Petersburg"]
[Site "St Petersburg"]
[Date "1997.??.??"]
[Round "1"]
[White "Ivanov, Sergey"]
[Black "Khalifman, Alexander"]
[Result "1/2-1/2"]
[WhiteElo "2515"]
[BlackElo "2650"]

1.d4 Nf6 2.c4 c5 3.d5 b5 4.Nf3 g6 5.cxb5 a6 6.Nc3 axb5 7.d6 Bb7 8.e3 exd6
9.Bxb5 d5 10.O-O Bg7 11.Be2 O-O 12.Ne1 Na6 13.Bf3 Nc7 14.Nd3 Ne6 15.Nf4 Nxf4
16.exf4 Ba6 17.Re1 d4 18.Na4 Rc8 19.b3 Bb5 20.Nb2 d5 21.a4 Ba6 22.b4 cxb4
23.Nd3 Qd6  1/2-1/2

[Event "St Petersburg-ch"]
[Site "St Petersburg"]
[Date "1997.??.??"]
[Round "1"]
[White "Khalifman, Alexander"]
[Black "Orlov, Vassily"]
[Result "1-0"]
[WhiteElo "2650"]
[BlackElo "2420"]

1.Nf3 Nf6 2.c4 g6 3.Nc3 d5 4.d4 Bg7 5.cxd5 Nxd5 6.e4 Nxc3 7.bxc3 O-O 8.Be2 c5
9.Rb1 cxd4 10.cxd4 Qa5+ 11.Bd2 Qxa2 12.O-O Bg4 13.Be3 Rc8 14.Rxb7 Bd7 15.Bd3 Bc6
16.Rb1 Ba4 17.Qe1 Nd7 18.Qa5 Nb6 19.Ra1 Qb3 20.Ba6 Rc7 21.Rfb1 Qc2 22.Rc1 Qb2
23.Rcb1 Qc2 24.Rc1 Qb2 25.Rxc7 Qxa1+ 26.Rc1 Qb2 27.Bb7 Rd8 28.Qxa7 Be8 29.h3 Na4
30.Bc6 Nc3 31.Qxe7 Rc8 32.Rxc3 Bxc6 33.Rxc6 Qb1+ 34.Kh2 Qb8+ 35.Qd6  1-0